| 000 | 01056nam0a22002411 4500 | ||
|---|---|---|---|
| 001 | rc\741222 | ||
| 005 | 20250622114450.0 | ||
| 035 | _a(NLR Aleph) 006270662 | ||
| 090 |
_a6945698 _c6945698 |
||
| 100 | _a20040301d1985 |||y0rusy50 ca | ||
| 101 | 0 | _arus | |
| 102 | _aRU | ||
| 105 | _ay ||||||||| | ||
| 200 | 1 |
_aПерспективные направления увеличения вклада внешнеэкономических связей в решение крупных народнохозяйственных проблем _eНа прим. потребит. комплекса _eДокл. Учен. совету _fГосплан СССР, Н.-и. экон. ин-т. Сектор долгосроч. внешнеэкон. пробл. |
|
| 210 |
_aМ. _cН.-и. экон. ин-т _d1985 |
||
| 215 |
_a35 с. _d30 |
||
| 333 | _aДСП. Экз. № 000076 | ||
| 700 | 1 |
_aСударев _bС.В. _gСергей Васильевич |
|
| 801 | 0 |
_aRU _bNLR _gpsbo |
|
| 801 | 1 |
_aRU _bELAR _2rusmarc |
|
| 852 |
_aNLR _j86-50К/1451 |
||
| 942 | _cBOOK | ||
| 980 | _aNB | ||